000 00369 a2200169 4500
001 50632
020 _a851604755
040 _cAnchieta - Pituba
100 _aDOMINGOS PELLEGRINI
240 1 0 _aAntolgia de crônicas
_lpor
245 1 0 _aAntolgia de crônicas
300 _a279
362 0 _a205
440 1 _aModerna
650 4 _aFicção brasileira
942 _cBK
999 _c50632
_d50632